Tuyển tập Nguyễn Văn Xuân

Сохранить в:
Библиографические подробности
Главный автор: NGUYỄN VĂN XUÂN
Формат:
Язык:Undetermined
Опубликовано: Đà Nẵng Đà Nẵng 2002
Предметы:
Метки: Добавить метку
Нет меток, Требуется 1-ая метка записи!
Thư viện lưu trữ: Trung tâm Học liệu Trường Đại học Cần Thơ
LEADER 00521nam a2200169Ia 4500
001 CTU_48143
008 210402s9999 xx 000 0 und d
082 |a 895.9223008 
082 |b X502 
100 |a NGUYỄN VĂN XUÂN 
245 0 |a Tuyển tập Nguyễn Văn Xuân 
245 0 |c NGUYỄN VĂN XUÂN 
260 |a Đà Nẵng 
260 |b Đà Nẵng 
260 |c 2002 
650 |a vietnamese literature - 20th century - collections 
980 |a Trung tâm Học liệu Trường Đại học Cần Thơ